Central Library OPAC University of Rajshahi

Atoms in the Family : (Record no. 72909)

MARC details
000 -LEADER
fixed length control field 00820nam a2200241 a 4500
001 - CONTROL NUMBER
control field 72909
003 - CONTROL NUMBER IDENTIFIER
rucl marc code BD-RjUL
005 - DATE AND TIME OF LATEST TRANSACTION
control field 20211209082325.0
008 - FIXED-LENGTH DATA ELEMENTS--GENERAL INFORMATION
fixed length control field 170525s1969 cauaf 000 0beng d
035 ## - SYSTEM CONTROL NUMBER
System control number (BD-RjUL)73127
040 ## - CATALOGING SOURCE
Original cataloging agency DLC
Transcribing agency DLC
Modifying agency BD-RjUL
Language of cataloging eng
041 ## - LANGUAGE CODE
Language code of text/sound track or separate title eng
082 00 - DEWEY DECIMAL CLASSIFICATION NUMBER
Classification number 530.0924
Edition number 23
Author mark and year FEA 1969
100 1# - MAIN ENTRY--PERSONAL NAME
Personal name Fermi, Laura
9 (RLIN) 215652
245 10 - TITLE STATEMENT
Title Atoms in the Family :
Remainder of title my Life with Enrico Fermi /
Statement of responsibility, etc. Laura Fermi
260 ## - PUBLICATION, DISTRIBUTION, ETC. (IMPRINT)
Name of publisher, distributor, etc. Chicago :
Place of publication, distribution, etc. University of Chicago Press,
Date of publication, distribution, etc. c1954 [impression 1969]
300 ## - PHYSICAL DESCRIPTION
Pagination ix, 267 p. :
Illustrations ill. ;
Size 24 cm.
500 ## - GENERAL NOTE
General note Reprint. Originally published: Chicago : University of Chicago Press, 1954. With new introd.
600 10 - SUBJECT ADDED ENTRY--PERSONAL NAME
Personal name Fermi, Enrico
Dates associated with a name 1901-1954.
650 #0 - SUBJECT ADDED ENTRY--TOPICAL TERM
Topical term or geographic name as entry element Physicists
Geographic subdivision Italy
General subdivision Biography
9 (RLIN) 215654
942 ## - ADDED ENTRY ELEMENTS (KOHA)
Source of classification or shelving scheme Dewey Decimal Classification
Koha item type Books
Holdings
Lost status Source of classification or shelving scheme Damaged status Not for loan Collection code Permanent Location Current Location Shelving location Date acquired Source of acquisition Cost, normal purchase price Total Checkouts Full call number Date last seen Copy number Koha item type
  Dewey Decimal Classification   Not For Loan Non-fiction Central Library, University of Rajshahi Central Library, University of Rajshahi Reading Room 13/01/1975 Jonathan & Co. 1.10   530.0924 FEA 1969 25/05/2017 C-1 Books